00733nab a2200217 uc450000100070000000500170000700800410002403500110006503500210007604000130009704100080011010000400011824500680015865000260022665000260025265000170027870000300029570000380032570000250036377301270038879007920240201184325.0021207s2001 spa  a790079 a(OCoLC)820002725 ccomduadb aspa10aCino Nodarse, Delia Maria4auteaut10aEstudio economico de alternativas de produccion de carne de res aProducción de carne aAspectos económicos aCarne de res10aSierra, Damarys4auteaut10aMartin Mendez, Pedro C.4auteaut10aValdes, G.4auteaut0 tRevista Cubana de Ciencia Agrícola (La Habana)gVol. 35, No. 02, Jul. 2001, p. 129-133w352932x00347485 IMPRESO0112233